000 01037nas a2200337 4500
001 BR2010005918
003 BR-BrBNA
005 20231205114805.0
007 ta
008 230509b bl.|||p| |||| 00| 00por d
040 _aBR-BrBNA
_bpor
_cBiblioteca Nacional de Agricultura
041 _a(Pt)
072 _aL10
100 1 _aYokoo, M.J.I.
100 1 _aWerneck, J.N.
100 1 _aPereira, M.C.
100 1 _aAlbuquerque, L.G. de
100 1 _aKoury Filho, W.
100 1 _aSainz, R.D.
100 1 _aLobo, R.B.
100 1 _aAraujo, F.R. da C.
245 1 _aCorrelações genéticas entre escores visuais e características de carcaça medidas por ultrassom em bovinos de corte
650 _aGADO DE CORTE
650 _aPARÂMETRO GENÉTICO
650 _aHEREDITARIEDADE
650 _aCARCAÇA
650 _aMÚSCULO
773 0 _tPesquisa Agropecuária Brasileira (Brazil)
_xISSN 0100-204X
_g(Feb 2009), v. 44(2) p. 197-202
_wBR2010005918
909 _a202311
_bLúcia
_c55
_dLúcia Elande
942 _2AGRIS
_n0
_cANA
999 _c210505
_d210505